000
00390nam a2200133Ia 4500
008
191206s9999 xx 000 0 und d
020
_a
0869751956 (pbk.)
090
_a
PR9365.35B55
245
0
_a
"Return of the amasi bird: Black South African poetry, 1891-1981"
260
_a
Ravan Press
260
_c
c1982
300
_a
411 p. ; 18 cm.
999
_c
16807
_d
16807